[Event "NED-ch 1993"]
[Site "Eindhoven"]
[Date "1993.??.??"]
[Round "6"]
[White "Van der Sterren, Paul"]
[Black "Nijboer, Friso"]
[Result "1-0"]
[WhiteElo "2490"]
[BlackElo "2505"]
[PlyCount "57"]
[EventDate "1993.06.??"]
[Source "ChessBase"]
[SourceDate "1996.11.15"]

1. d4 Nf6 2. c4 g6 3. Nc3 Bg7 4. e4 d6 5. f3 e5 6. Nge2 O-O 7. Bg5 c6 8. Qd2
Nbd7 9. O-O-O Qa5 10. Kb1 a6 11. d5 cxd5 12. Nxd5 Qxd2 13. Nxf6+ Bxf6 14. Bxd2
Nc5 15. Be3 Rd8 16. Nc3 Ne6 17. Nd5 Bg5 18. Bxg5 Nxg5 19. Nb6 Rb8 20. c5 f5 21.
Bc4+ Be6 22. Bxe6+ Nxe6 23. cxd6 Kf7 24. exf5 gxf5 25. Rhe1 Nd4 26. Nc4 Kf6 27.
f4 b5 28. fxe5+ Ke6 29. Na5 1-0

[Event "NED-ch 1993"]
[Site "Eindhoven"]
[Date "1993.??.??"]
[Round "7"]
[White "Nijboer, Friso"]
[Black "Van Wely, Loek"]
[Result "1-0"]
[WhiteElo "2505"]
[BlackElo "2560"]
[PlyCount "85"]
[EventDate "1993.06.??"]
[Source "ChessBase"]
[SourceDate "1996.11.15"]

1. e4 c5 2. Nf3 e6 3. d4 cxd4 4. Nxd4 Nf6 5. Nc3 d6 6. f4 a6 7. Qf3 Qb6 8. Nb3
Qc7 9. g4 b5 10. Bd3 Bb7 11. g5 Nfd7 12. Be3 Nc6 13. Qh3 b4 14. Ne2 g6 15.
O-O-O Bg7 16. Kb1 O-O 17. f5 exf5 18. exf5 Rfe8 19. Rhf1 Nce5 20. Nf4 Nc5 21.
Bd4 Ncxd3 22. cxd3 a5 23. Rc1 Qd8 24. Ne6 fxe6 25. f6 Nf7 26. fxg7 Nxg5 27. Qe3
Nf7 28. Bb6 Qh4 29. Rc7 Nd8 30. Rf4 Qxh2 31. Rf8+ Rxf8 32. gxf8=Q+ Kxf8 33. Qg5
Kg8 34. Qe7 Qh6 35. Be3 g5 36. Rd7 Qg6 37. Rxd8+ Rxd8 38. Qxd8+ Kg7 39. Qxd6
Bd5 40. Qe5+ Kf7 41. Nc5 h6 42. Qc7+ Kg8 43. Qxa5 1-0

[Event "NED-ch 1993"]
[Site "Eindhoven"]
[Date "1993.??.??"]
[Round "7"]
[White "Piket, Jeroen"]
[Black "Sosonko, Gennadi"]
[Result "1-0"]
[WhiteElo "2590"]
[BlackElo "2535"]
[PlyCount "57"]
[EventDate "1993.06.??"]
[Source "ChessBase"]
[SourceDate "1996.11.15"]

1. e4 c5 2. Nf3 d6 3. d4 cxd4 4. Nxd4 Nf6 5. Nc3 g6 6. Be3 Bg7 7. f3 Nc6 8. Qd2
O-O 9. Bc4 Bd7 10. h4 Rc8 11. Bb3 Ne5 12. O-O-O Nc4 13. Bxc4 Rxc4 14. g4 Qc7
15. h5 Rc8 16. hxg6 fxg6 17. Kb1 b5 18. Nd5 Nxd5 19. exd5 Be5 20. Qd3 Qb7 21.
Rxh7 Kxh7 22. Rh1+ Kg7 23. Rh6 Rg8 24. Rxg6+ Kh8 25. Rh6+ Kg7 26. Ne6+ Bxe6 27.
dxe6 Kf8 28. Qf5+ Bf6 29. Qh5 1-0

[Event "NED-ch 1993"]
[Site "Eindhoven"]
[Date "1993.??.??"]
[Round "8"]
[White "Hoeksema, Erik"]
[Black "Van Mil, Johan"]
[Result "1/2-1/2"]
[WhiteElo "2405"]
[BlackElo "2435"]
[PlyCount "27"]
[EventDate "1993.06.??"]
[Source "ChessBase"]
[SourceDate "1996.11.15"]

1. c4 f5 2. d4 Nf6 3. Nc3 g6 4. f3 c5 5. d5 Bg7 6. e4 d6 7. exf5 Bxf5 8. Bd3
Bd7 9. Nge2 e6 10. Bg5 exd5 11. Nxd5 O-O 12. O-O Nc6 13. Qd2 Be6 14. Nef4
1/2-1/2

[Event "NED-ch 1993"]
[Site "Eindhoven"]
[Date "1993.??.??"]
[Round "8"]
[White "Nijboer, Friso"]
[Black "Riemersma, Liafbern"]
[Result "1/2-1/2"]
[WhiteElo "2505"]
[BlackElo "2415"]
[PlyCount "35"]
[EventDate "1993.06.??"]
[Source "ChessBase"]
[SourceDate "1996.11.15"]

1. e4 c5 2. Nf3 d6 3. d4 cxd4 4. Nxd4 Nf6 5. Nc3 g6 6. Be2 Bg7 7. O-O Nc6 8.
Nb3 O-O 9. Kh1 a5 10. a4 Be6 11. f4 Qb6 12. Nd5 Bxd5 13. exd5 Nb4 14. Bf3 Qa6
15. Be2 Qb6 16. Bf3 Qa6 17. Be2 Qb6 18. Bf3 1/2-1/2

[Event "NED-ch 1993"]
[Site "Eindhoven"]
[Date "1993.??.??"]
[Round "8"]
[White "Sosonko, Gennadi"]
[Black "Van der Wiel, John"]
[Result "1-0"]
[WhiteElo "2535"]
[BlackElo "2555"]
[PlyCount "71"]
[EventDate "1993.06.??"]
[Source "ChessBase"]
[SourceDate "1996.11.15"]

1. d4 d6 2. Nf3 Nf6 3. c4 c6 4. Nc3 Bf5 5. Nh4 Bg6 6. Nxg6 hxg6 7. e4 e5 8. Be2
Be7 9. O-O Nbd7 10. Be3 O-O 11. Rb1 Nh7 12. f4 exd4 13. Qxd4 g5 14. g3 Re8 15.
Rbd1 gxf4 16. gxf4 Nhf8 17. Bf3 Qc7 18. Kh1 Nb6 19. Rg1 Ne6 20. Qd3 Bf6 21. b3
Rad8 22. Ne2 Qe7 23. Ng3 Nc8 24. Qc2 g6 25. Nh5 Ng7 26. Nxf6+ Qxf6 27. f5 Qe5
28. fxg6 f5 29. Qg2 fxe4 30. Qh3 exf3 31. Qh7+ Kf8 32. Bd4 Ne7 33. Rgf1 Nef5
34. Bxe5 dxe5 35. Rde1 e4 36. Rxf3 1-0

[Event "NED-ch 1993"]
[Site "Eindhoven"]
[Date "1993.??.??"]
[Round "8"]
[White "Van Wely, Loek"]
[Black "Ree, Hans"]
[Result "1/2-1/2"]
[WhiteElo "2560"]
[BlackElo "2445"]
[PlyCount "74"]
[EventDate "1993.06.??"]
[Source "ChessBase"]
[SourceDate "1996.11.15"]

1. d4 Nf6 2. c4 e6 3. Nf3 d5 4. Nc3 Be7 5. Bg5 O-O 6. e3 Nbd7 7. Qc2 h6 8. Bh4
c5 9. Rd1 cxd4 10. Nxd4 Nb6 11. Bxf6 Bxf6 12. c5 Nd7 13. b4 Ne5 14. Be2 Bd7 15.
O-O b6 16. f4 Ng6 17. Ncb5 bxc5 18. bxc5 a6 19. Nd6 Ne7 20. e4 dxe4 21. Nxe4
Bxd4+ 22. Rxd4 Nf5 23. Rd3 Qc7 24. Nd6 Ba4 25. Qc3 Nxd6 26. Rxd6 Rfc8 27. Qd4
Bb5 28. Bf3 Bxf1 29. Bxa8 Bb5 30. Be4 f5 31. Bf3 Qxc5 32. Qxc5 Rxc5 33. Rxe6
Rc1+ 34. Kf2 Rc2+ 35. Kg3 Kh7 36. a4 Bxa4 37. Rxa6 Bb5 1/2-1/2

[Event "NED-ch 1993"]
[Site "Eindhoven"]
[Date "1993.??.??"]
[Round "9"]
[White "Ree, Hans"]
[Black "Hoeksema, Erik"]
[Result "1/2-1/2"]
[WhiteElo "2445"]
[BlackElo "2405"]
[PlyCount "88"]
[EventDate "1993.06.??"]
[Source "ChessBase"]
[SourceDate "1996.11.15"]

1. d4 Nf6 2. Nf3 g6 3. g3 Bg7 4. Bg2 O-O 5. O-O d5 6. Bf4 c6 7. Qc1 Qb6 8. Nbd2
c5 9. dxc5 Qxc5 10. Nb3 Qb6 11. a4 Nc6 12. a5 Qd8 13. Rd1 Qe8 14. Bg5 Ne4 15.
Bh6 Nf6 16. Ra4 Bg4 17. h3 Bxf3 18. exf3 e6 19. Be3 Qd7 20. f4 Rfc8 21. Qa1 Qe7
22. c3 Rd8 23. Nd4 Rac8 24. Qa2 Ne8 25. a6 b6 26. Nxc6 Rxc6 27. Bf1 Nd6 28. Bd4
Rdc8 29. Be5 Nc4 30. Bxg7 Kxg7 31. Qb1 Qe8 32. Ra2 Kg8 33. h4 h5 34. Bd3 b5 35.
Qa1 Rb8 36. Bxc4 bxc4 37. Rd2 Rbb6 38. Ra5 Qc8 39. f5 Rxa6 40. fxg6 fxg6 41.
Rxa6 Rxa6 42. Qe1 Qc5 43. Kh2 Rb6 44. f4 Kf7 1/2-1/2

[Event "NED-ch 1993"]
[Site "Eindhoven"]
[Date "1993.??.??"]
[Round "9"]
[White "Riemersma, Liafbern"]
[Black "Van Wely, Loek"]
[Result "1-0"]
[WhiteElo "2415"]
[BlackElo "2560"]
[PlyCount "49"]
[EventDate "1993.06.??"]
[Source "ChessBase"]
[SourceDate "1996.11.15"]

1. e4 c5 2. Nf3 d6 3. d4 cxd4 4. Nxd4 Nf6 5. Nc3 a6 6. Be3 e6 7. f3 b5 8. g4 h6
9. h4 Bb7 10. Bh3 b4 11. Nce2 e5 12. Nf5 g6 13. Nfg3 h5 14. gxh5 Nxh5 15. Qd2
Nc6 16. Nxh5 Rxh5 17. O-O-O Be7 18. Bg4 Rxh4 19. Bf2 Rxh1 20. Rxh1 Bf6 21. Rh7
Qc7 22. Qh6 Qe7 23. Bh4 Kd8 24. Bxf6 Qxf6 25. Qf8+ 1-0

[Event "NED-ch 1993"]
[Site "Eindhoven"]
[Date "1993.??.??"]
[Round "9"]
[White "Van Mil, Johan"]
[Black "Sosonko, Gennadi"]
[Result "0-1"]
[WhiteElo "2435"]
[BlackElo "2535"]
[PlyCount "100"]
[EventDate "1993.06.??"]
[Source "ChessBase"]
[SourceDate "1996.11.15"]

1. e4 c5 2. c3 d5 3. exd5 Qxd5 4. d4 Nf6 5. Be3 cxd4 6. cxd4 e6 7. Nc3 Qd6 8.
Nf3 Nc6 9. a3 Be7 10. Bd3 O-O 11. O-O Rd8 12. Rc1 Bd7 13. Qb3 Na5 14. Qa2 a6
15. Ne5 Nc6 16. Nc4 Qc7 17. d5 Ng4 18. g3 Nxe3 19. Nxe3 Nd4 20. Be4 Qe5 21. Bg2
Qh5 22. Qc4 Nf3+ 23. Bxf3 Qxf3 24. Qe4 Qxe4 25. Nxe4 Rac8 26. Rfd1 Bf8 27. dxe6
Bxe6 28. Rxc8 Rxc8 29. Kf1 h6 30. h4 g6 31. Ke2 f5 32. Nf6+ Kf7 33. Nfd5 g5 34.
hxg5 hxg5 35. Rd2 Bg7 36. f4 g4 37. Nb4 Rh8 38. Kd3 Rd8+ 39. Ke2 Rxd2+ 40. Kxd2
Bxb2 41. Nbc2 b5 42. Nd1 Bf6 43. Nc3 Be7 44. Nb4 Bc8 45. Ncd5 Bd6 46. Kd3 Bb7
47. Ne3 Ke6 48. Kc3 Bc5 49. Nbc2 Be4 50. Nd4+ Kf6 0-1

[Event "NED-ch 1993"]
[Site "Eindhoven"]
[Date "1993.??.??"]
[Round "9"]
[White "Van der Wiel, John"]
[Black "Cifuentes Parada, Roberto"]
[Result "1/2-1/2"]
[WhiteElo "2560"]
[BlackElo "2485"]
[PlyCount "65"]
[EventDate "1993.06.??"]
[Source "ChessBase"]
[SourceDate "1996.11.15"]

1. e4 e5 2. Nf3 d6 3. d4 exd4 4. Nxd4 Nf6 5. Nc3 Be7 6. g3 d5 7. e5 Ne4 8. Nxe4
dxe4 9. Be3 O-O 10. Nb5 Nc6 11. Qxd8 Bxd8 12. Bg2 Nxe5 13. Bxe4 Bg4 14. h3 Bf3
15. Bxf3 Nxf3+ 16. Ke2 Ne5 17. b3 a6 18. Nc3 Re8 19. Rad1 Be7 20. Nd5 Bd6 21.
c4 Nc6 22. Kf3 Rad8 23. Rd2 Ne5+ 24. Kg2 c6 25. Nf4 Bb4 26. Rdd1 b5 27. cxb5
axb5 28. Rxd8 Rxd8 29. Rc1 f6 30. Rc2 Kf7 31. Bb6 Rd1 32. Bc7 c5 33. a4 1/2-1/2

[Event "NED-ch 1993"]
[Site "Eindhoven"]
[Date "1993.??.??"]
[Round "10"]
[White "Cifuentes Parada, Roberto"]
[Black "Van Mil, Johan"]
[Result "0-1"]
[WhiteElo "2485"]
[BlackElo "2435"]
[PlyCount "132"]
[EventDate "1993.06.??"]
[Source "ChessBase"]
[SourceDate "1996.11.15"]

1. d4 f5 2. g3 Nf6 3. Bg2 g6 4. Nh3 Bg7 5. Nf4 Nc6 6. h4 d6 7. h5 e5 8. dxe5
dxe5 9. Bxc6+ bxc6 10. Qxd8+ Kxd8 11. h6 Bf8 12. Nd3 Bd6 13. Bg5 Ke7 14. Nd2 e4
15. Nf4 Kf7 16. Nc4 Ba6 17. Nxd6+ cxd6 18. Rd1 d5 19. b3 Rhd8 20. c3 Bb7 21.
Nh3 c5 22. Be3 Rac8 23. Ng5+ Ke7 24. b4 d4 25. cxd4 cxb4 26. Rb1 a5 27. a3 Rc4
28. axb4 axb4 29. O-O Bd5 30. Rb2 Rb8 31. Ra1 Rb7 32. Ra5 Bg8 33. Rc5 Kd7 34.
f3 Rxc5 35. dxc5 Nd5 36. Kf2 Nxe3 37. Kxe3 exf3 38. Nxf3 Kc6 39. Kd3 Rd7+ 40.
Nd4+ Kxc5 41. Rc2+ Kd6 42. Rc6+ Ke5 43. Rc5+ Kf6 44. Rb5 b3 45. e4 fxe4+ 46.
Kxe4 Bc4 47. Rb6+ Kg5 48. Nxb3 Re7+ 49. Kf3 Bd5+ 50. Kf2 Rf7+ 51. Ke2 Kg4 52.
Nd2 Kxg3 53. Rb4 Re7+ 54. Kd1 Bf3+ 55. Kc2 g5 56. Kd3 g4 57. Rb6 Rd7+ 58. Ke3
Re7+ 59. Kd3 Be2+ 60. Kd4 Rd7+ 61. Ke3 Bf3 62. Re6 Bd5 63. Ne4+ Bxe4 64. Kxe4
Rf7 65. Ke3 Kg2 66. Re8 g3 0-1

[Event "NED-ch 1993"]
[Site "Eindhoven"]
[Date "1993.??.??"]
[Round "10"]
[White "Riemersma, Liafbern"]
[Black "Martens, Martin"]
[Result "1-0"]
[WhiteElo "2415"]
[BlackElo "2440"]
[PlyCount "39"]
[EventDate "1993.06.??"]
[Source "ChessBase"]
[SourceDate "1996.11.15"]

1. e4 c5 2. Nf3 e6 3. d4 cxd4 4. Nxd4 Nf6 5. Nc3 d6 6. g4 Nc6 7. g5 Nd7 8. Be3
Be7 9. h4 a6 10. Qd2 O-O 11. O-O-O Nxd4 12. Qxd4 Rb8 13. f4 b5 14. h5 b4 15.
Nd5 exd5 16. h6 gxh6 17. Rxh6 f6 18. Qxd5+ Kg7 19. Bc4 Rb5 20. Rdh1 1-0

[Event "NED-ch 1993"]
[Site "Eindhoven"]
[Date "1993.??.??"]
[Round "10"]
[White "Sosonko, Gennadi"]
[Black "Ree, Hans"]
[Result "1/2-1/2"]
[WhiteElo "2535"]
[BlackElo "2445"]
[PlyCount "31"]
[EventDate "1993.06.??"]
[Source "ChessBase"]
[SourceDate "1996.11.15"]

1. d4 Nf6 2. c4 c5 3. d5 b5 4. cxb5 a6 5. bxa6 g6 6. Nc3 Bxa6 7. g3 d6 8. Bg2
Bg7 9. Nf3 Nbd7 10. O-O Nb6 11. Rb1 Bc4 12. b4 Nbxd5 13. Nxd5 Bxd5 14. a4 Be4
15. Rb3 O-O 16. bxc5 1/2-1/2

[Event "NED-ch 1993"]
[Site "Eindhoven"]
[Date "1993.??.??"]
[Round "10"]
[White "Van der Sterren, Paul"]
[Black "Van der Wiel, John"]
[Result "1/2-1/2"]
[WhiteElo "2490"]
[BlackElo "2560"]
[PlyCount "78"]
[EventDate "1993.06.??"]
[Source "ChessBase"]
[SourceDate "1996.11.15"]

1. d4 Nf6 2. c4 e6 3. Nf3 b6 4. g3 Ba6 5. b3 d5 6. cxd5 exd5 7. Bg2 Bb4+ 8. Bd2
Bxd2+ 9. Qxd2 O-O 10. Nc3 Re8 11. Ne5 Bb7 12. O-O Na6 13. Rfd1 Qe7 14. Rac1 c5
15. e3 Nc7 16. Qb2 cxd4 17. exd4 Ne6 18. f4 Rac8 19. b4 h6 20. b5 Qd6 21. a4
Re7 22. Na2 Rec7 23. Rxc7 Rxc7 24. Nb4 Ne4 25. Nbc6 Bxc6 26. Nxc6 Nd8 27. Nxd8
Qxd8 28. Rc1 Qc8 29. Rxc7 Qxc7 30. Bf1 Qe7 31. Qb3 Nd2 32. Qxd5 Qe1 33. Qa8+
Kh7 34. Qg2 Qe3+ 35. Qf2 Nf3+ 36. Kg2 Ne1+ 37. Kg1 Nf3+ 38. Kg2 Ne1+ 39. Kg1
Nf3+ 1/2-1/2

[Event "NED-ch 1993"]
[Site "Eindhoven"]
[Date "1993.??.??"]
[Round "11"]
[White "Hoeksema, Erik"]
[Black "Sosonko, Gennadi"]
[Result "1/2-1/2"]
[WhiteElo "2405"]
[BlackElo "2535"]
[PlyCount "28"]
[EventDate "1993.06.??"]
[Source "ChessBase"]
[SourceDate "1996.11.15"]

1. d4 d5 2. c4 e6 3. Nc3 Bb4 4. a3 Bxc3+ 5. bxc3 Nf6 6. e3 O-O 7. cxd5 exd5 8.
Bd3 c5 9. Ne2 Nc6 10. O-O Re8 11. f3 Rb8 12. Rf2 Qc7 13. g4 b5 14. Ng3 Ne7
1/2-1/2

[Event "NED-ch 1993"]
[Site "Eindhoven"]
[Date "1993.??.??"]
[Round "11"]
[White "Piket, Jeroen"]
[Black "Riemersma, Liafbern"]
[Result "1/2-1/2"]
[WhiteElo "2590"]
[BlackElo "2415"]
[PlyCount "81"]
[EventDate "1993.06.??"]
[Source "ChessBase"]
[SourceDate "1996.11.15"]

1. d4 Nf6 2. c4 c5 3. d5 b5 4. cxb5 a6 5. b6 a5 6. Nc3 Ba6 7. Bg5 d6 8. Bxf6
exf6 9. Nf3 f5 10. e4 fxe4 11. Qa4+ Nd7 12. Bxa6 Rxa6 13. Nd2 e3 14. Nc4 exf2+
15. Kf1 Be7 16. Qb5 Ra8 17. b7 Ra7 18. b8=Q Qxb8 19. Qxb8+ Nxb8 20. Nb5 Rd7 21.
Nxa5 Na6 22. Kxf2 Nc7 23. a4 Nxd5 24. Nc6 Nb4 25. Nxb4 cxb4 26. a5 Rb7 27. a6
Rxb5 28. a7 Kd7 29. a8=Q Rxa8 30. Rxa8 Bf6 31. b3 Rc5 32. Ra7+ Ke6 33. Re1+ Re5
34. Rb7 Rxe1 35. Kxe1 h5 36. Ke2 Bc3 37. Kd3 d5 38. Rb6+ Ke5 39. Rb7 Ke6 40.
Rb6+ Ke5 41. Rb7 1/2-1/2

[Event "NED-ch 1993"]
[Site "Eindhoven"]
[Date "1993.??.??"]
[Round "11"]
[White "Ree, Hans"]
[Black "Cifuentes Parada, Roberto"]
[Result "0-1"]
[WhiteElo "2445"]
[BlackElo "2485"]
[PlyCount "98"]
[EventDate "1993.06.??"]
[Source "ChessBase"]
[SourceDate "1996.11.15"]

1. d4 d6 2. g3 g6 3. Bg2 Bg7 4. Nf3 Nf6 5. O-O O-O 6. b3 c5 7. Bb2 cxd4 8. Nxd4
d5 9. c4 e5 10. Nf3 e4 11. Nd4 dxc4 12. bxc4 Nc6 13. Nxc6 bxc6 14. Nc3 Qb6 15.
Qb3 Re8 16. Rad1 Qxb3 17. axb3 Rb8 18. Na4 Rxb3 19. Bxf6 Bxf6 20. Nc5 Rb2 21.
Nxe4 Kg7 22. e3 Bg4 23. Nxf6 Kxf6 24. Rd6+ Re6 25. Rxc6 Rxc6 26. Bxc6 Bf5 27.
Kg2 Rb1 28. Rxb1 Bxb1 29. Kf3 Bd3 30. c5 Ke5 31. Be8 f5 32. Ba4 a6 33. Bb3 a5
34. Ba4 Kd5 35. c6 Kd6 36. Kf4 Be4 37. c7 Kxc7 38. Ke5 Kb6 39. g4 Kc5 40. gxf5
gxf5 41. Bd7 Kb4 42. f3 Bc2 43. Kf6 a4 44. Bxa4 Kxa4 45. Kg7 Kb4 46. f4 Kc3 47.
Kxh7 Kd3 48. Kg6 Kxe3 49. Kg5 Ke4 0-1

[Event "NED-ch 1993"]
[Site "Eindhoven"]
[Date "1993.??.??"]
[Round "11"]
[White "Van Mil, Johan"]
[Black "Van der Sterren, Paul"]
[Result "1/2-1/2"]
[WhiteElo "2435"]
[BlackElo "2490"]
[PlyCount "30"]
[EventDate "1993.06.??"]
[Source "ChessBase"]
[SourceDate "1996.11.15"]

1. e4 e5 2. Nf3 Nc6 3. Bb5 a6 4. Ba4 Nf6 5. O-O Be7 6. Bxc6 dxc6 7. Qe1 c5 8.
d3 Nd7 9. b3 O-O 10. Bb2 Bd6 11. Nbd2 b5 12. a4 Rb8 13. Qe2 Re8 14. Rfe1 Nf8
15. Nf1 f6 1/2-1/2

[Event "NED-ch 1993"]
[Site "Eindhoven"]
[Date "1993.??.??"]
[Round "11"]
[White "Van der Wiel, John"]
[Black "Nijboer, Friso"]
[Result "1/2-1/2"]
[WhiteElo "2560"]
[BlackElo "2505"]
[PlyCount "21"]
[EventDate "1993.06.??"]
[Source "ChessBase"]
[SourceDate "1996.11.15"]

1. d4 g6 2. c3 Bg7 3. e4 Nf6 4. Bd3 d6 5. Nf3 O-O 6. O-O Nh5 7. a4 e5 8. dxe5
dxe5 9. Bg5 Qe8 10. Na3 a6 11. Re1 1/2-1/2